Camino de brevedades o donde comienza el recuerdo y otras excepciones

Gespeichert in:
Bibliographische Detailangaben
1. Verfasser: Ramírez Briceño, Edgar Roy
Format: Buch
Sprache:Undetermined
Veröffentlicht: San José, Costa Rica Antanaclasis, Editores, S. A. 2013
Schlagworte:
Tags: Tag hinzufügen
Keine Tags, Fügen Sie den ersten Tag hinzu!

MARC

LEADER 00000nam a2200000Ia 4500
008 170316s9999 xx 000 0 und d
999 |c 30352  |d 30352 
040 |a cru BVZT 
090 |a 868 R-1.3c 
100 |a Ramírez Briceño, Edgar Roy 
245 |a Camino de brevedades o donde comienza el recuerdo y otras excepciones 
260 |a San José, Costa Rica 
260 |b Antanaclasis, Editores, S. A. 
260 |c 2013 
300 |a 37 páginas 
650 |a LITERATURA COSTARRICENSE  |9 17 
650 |a POESÍA  |9 18 
942 |c 15 D  |h 868 R-1.3c  |2 z